MARC

Tag First Indicator Second Indicator Subfields
LEADER 00000cam a2200000 a 4500
001 in00000014866
005 20151007052916.0
008 870303s1988 enk b 001 0 eng
010 |a  87006570  
015 |a GB87-17150 
019 |a 15658493 
020 |a 0521228093 
020 |a 9780521228091 
020 |a 0521296536 (pbk.) 
020 |a 9780521296533 (pbk.) 
035 |a (OCoLC)ocm15629375 
035 |a (OCoLC)15629375  |z (OCoLC)15658493 
040 |a DLC  |b eng  |c DLC  |d UKM  |d EL$  |d MUQ  |d BAKER  |d NLGGC  |d BTCTA  |d YDXCP  |d OCLCG  |d DEBBG  |d OCLCQ  |d ZWZ  |d TXA  |d UtOrBLW 
049 |a TXAM 
050 0 0 |a PL1075  |b .N67 1988 
082 0 0 |a 495.1/09  |2 19 
084 |a 18.86  |2 bcl 
084 |a EG 9000  |2 rvk 
100 1 |a Norman, Jerry,  |d 1936-2012. 
245 1 0 |a Chinese /  |c Jerry Norman. 
264 1 |a Cambridge [Cambridgeshire] ;  |a New York :  |b Cambridge University Press,  |c 1988. 
300 |a xi, 292 pages ;  |c 23 cm. 
336 |a text  |b txt  |2 rdacontent 
337 |a unmediated  |b n  |2 rdamedia 
338 |a volume  |b nc  |2 rdacarrier 
490 1 |a Cambridge language surveys 
504 |a Includes bibliographical references (pages 274-282) and index. 
650 0 |a Chinese language  |x History. 
650 0 |a Chinese language  |x Dialects. 
650 0 |a Chinese language  |x Writing. 
650 4 |a Chino  |x Dialéctos. 
650 4 |a Chino  |x Escritura. 
650 6 |a Chinois (Langue)  |x Histoire. 
650 6 |a Chinois (Langue)  |x Dialectes. 
650 6 |a Chinois (Langue)  |x Écriture. 
650 1 7 |a Chinees.  |2 gtt 
650 0 7 |a Einführung.  |2 swd 
651 7 |a Chinesisch.  |2 swd 
650 7 |a Chinois (langue)  |x Histoire.  |2 ram 
650 7 |a Langues chinoises.  |2 ram 
650 7 |a Chinois (langue)  |x Écriture.  |2 ram 
653 |a Chinese language 
830 0 |a Cambridge language surveys. 
856 4 2 |3 Publisher description  |u http://catdir.loc.gov/catdir/description/cam023/87006570.html  |t 0 
856 4 1 |3 Table of contents  |u http://catdir.loc.gov/catdir/toc/cam024/87006570.html  |t 0 
948 |a cataloged  |b h  |c 2012/5/7  |d c  |e jolivare  |f 2:43:57 pm 
994 |a C0  |b TXA 
999 |a MARS 
999 f f |s 92bbe72a-acc3-38d8-a1c5-4c30372dcc52  |i 95949de6-333a-3a50-8c10-f8ac3ab5f97e  |t 0 
952 f f |p ric  |a Texas A&M University  |b Rellis Campus  |c Joint Library Facility  |s JLF  |d Remote Storage  |t 0  |e PL1075 .N67 1988  |h Library of Congress classification  |i unmediated -- volume  |m A14841394708 
998 f f |a PL1075 .N67 1988  |t 0  |l Remote Storage